Présentateurs(-trices) d'émissions. - Statistiques

Statistiques générales
  • Ce quiz a été pris 180 fois
  • Le résultat moyen est 17 sur 26
Statistiques - réponses
Hint Réponse % Correct
"Qui veut gagner des millions ?" Jean-Pierre Foucault
95%
"C'est pas sorcier" Jamy Gourmaud
91%
"N'oubliez pas les paroles" Nagui
91%
"Koh-Lanta" Denis Brogniart
88%
"Secrets d'Histoire" Stéphane Bern
87%
"Fort Boyard" Olivier Minne
86%
"Burger Quiz" Alain Chabat
84%
"Taratata" Nagui
82%
"Questions pour un champion" Samuel Étienne
79%
"Pékin Express" Stéphane Rotenberg
79%
"Le Bigdil" Lagaf'
78%
"Top Chef" Stéphane Rotenberg
69%
"Les Z'amours" Tex
67%
"Slam" Théo Curin
64%
"Motus" Thierry Beccaro
64%
"Rendez-vous en Terre Inconnue" Frédéric Lopez
56%
"J'irai dormir chez vous" Antoine de Maximy
54%
"Faites entrer l'accusé" Christophe Hondelatte
52%
"Apostrophes" Bernard Pivot
48%
"Enquête exclusive" Bernard de La Villardière
46%
"C dans l'air" Caroline Roux
46%
"La Dernière Séance" Eddy Mitchell
44%
"L'Équipe du soir" Olivier Ménard
42%
"Droit de réponse" Michel Polac
38%
"Tout le monde en parle" Thierry Ardisson
37%
"Le Dessous des cartes" Émilie Aubry
24%
Aucun quiz correspondant
Distribution des résultats
% des personnes avec chaque résultat
Percentile par nombre de réponses
Votre historique - résultats
Vous n’avez pas pris ce quiz